000 005090000a22001930004500
003 LK-CoMWRAF
005 20231010140210.0
008 230817t2004 ||||| |||| 00| 0 eng d
020 _a9558430048
040 _aLK-CoMWRAF
_dLK-CoMWRAF
_eLK-CoMWRAF
041 _aeng
082 _a340.59
_bAME
100 _aAmeen A.H.G
245 _aThe Wakfs Law Procedure and Practice
260 _aColombo:
_bAl-Ameen,
_c2004
300 _a86 p. ; 22 cm.
_bBibliography included
650 _aWAKF-Sri Lanka
942 _cBK
999 _c318
_d318